000 00423nmm a2200145Ia 4500
008 251105s9999||||xx |||||||||||||||||und||
041 _aspa
100 _aHidalgo, Nieves
245 0 _aLo que dure la eternidad: el fantasma de Killmarnock
264 _a[Madrid, España] :
_bEdiciones B,
_c2015
300 _a312 páginas
650 _aRomance
856 _uhttps://public.digitaliapublishing.com/a/53301
942 _cCF
999 _c105659
_d105659